00824 2200289 4500001002100000005001500021035002000036007000300056008004100059040002200100082001600122084001800138090002000156100003100176245007200207300002500279650002400304700002300328700002500351850001200376264003300388336002100421337003000442338002300472246001900495990002000514INLIS00000000085511220200317032537 a0010-0320000439ta200317s1952 jki g 1 ind d aYOPDYOGbinderda04223a899.224 a899.224 SIT s aL 899.224 SIT s1 aSitumorang, T. D.epenulis10aSedjarah melaju /cpenulis, T. D. Situmorang, A. Teeuw, Amal Hamzah a359 halaman ;c19 cm 4aKesusastraan Melayu1 aTeeuw, A.epenulis0 aAmal Hamzahepenulis aYOPDYOG31aDjakarta :bDjambatan,c1952 2rdacontentateks 2rdamediaatanpa perantara 2rdacarrieravolume aSejarah melayu a66353-PD/A.2020